Datum a čas kvízu
30
Celkem bodů
Celkový počet nahraných bodů na tomto kvízu bez doplňovacích otázek.
6.
Pořadí na kvízu
Konečné umístění týmu na tomto kvízu.
Zaznamenané odpovědi
| # | Otázka | Odpověď | Body | Výsledky |
|---|---|---|---|---|
| 1. | Zuzana Majerová z hnutí Trikol... | Rychlé šípy | 1 | |
| 2. | Minulý týden se na internetu o... | vysokozdvižný vozík (ještěrku) | 1 | |
| 3. | Při oslavě osmistého výročí ji... | v Hradci Králové | 1 | |
| 4. | Finská firma Bluefors uzavřela... | na Měsíci | 1 | |
| 5. | V neděli začalo mistrovství sv... | ve Rwandě | 0 | |
| 6. | Ve spolupráci s Radou Evropy j... | 1B 2C 3D 4A | 0 | |
| 7. | Co znamená maďarské slovo hétf... | pondělí | 0 | |
| 8. | Jak se na V jmenuje autonomní... | Vojvodina | 0 | |
| 9. | Která z těchto knih nebyla nap... | B | 0 | |
| 10. | Pozoruhodným jazykem je velšti... | slunéčko (beruška) | 0 |